000
00283nam a2200133Ia 4500
008
190216s9999||||xx |||||||||||||| ||und||
100
_a
Santhi Narayan
245
0
_a
Algebra
250
_a
4th Ed.
260
_b
Ncert
_c
1990
300
_a
304p
650
_a
Mathematics
942
_c
BK
999
_c
30469
_d
30469